|
|
|
|
| LEADER |
00000ny a22000003n 4500 |
| 005 |
2011062109509.0 |
| 008 |
100325s2009 cl b 000 0 spa d |
| 020 |
|
|
|a 6077877026
|
| 035 |
|
|
|a 4727
|
| 040 |
|
|
|a FML
|c FML
|d vLex
|
| 090 |
|
|
|c 1261
|d 1261
|
| 100 |
1 |
|
|a Politoff Lifschitz, Sergio
|
| 245 |
1 |
0 |
|a Lecciones de derecho penal chileno
|h [Recurso electrn̤ico]
|c Sergio Politoff L., Jean Pierre Matus A., Mara̕ Cecilia Ramr̕ez G.
|b Parte general
|
| 256 |
|
|
|a Servicio en ln̕ea
|
| 260 |
|
|
|a Santiago, Chile :
|b Editorial Jurd̕ica de Chile,
|c 2009
|
| 300 |
|
|
|a p. ;
|c cm
|
| 505 |
0 |
|
|a I.Parte general -- II. Parte especial
|
| 506 |
1 |
|
|a Contenido solo disponible en los productos indicados
|d vLex Global
|d vLex Global (Academic Edition, excluding Law Schools)
|d vLex Global (U.S. Academic Edition, Law Schools)
|d vLex Global (U.S. Academic Edition, excluding Law Schools)
|d vLex Global (Academic Edition, Law Schools)
|
| 650 |
0 |
4 |
|a Criminologa̕
|z Chile
|x Legislacin̤
|
| 650 |
0 |
4 |
|a Derecho penal
|z Chile
|y Legislacin̤
|
| 700 |
1 |
|
|a Matus, Jean Pierre
|
| 700 |
1 |
|
|a Ramr̕ez G., Mara̕ Cecilia
|
| 740 |
0 |
|
|a vLex Libros (Servicios en ln̕ea)
|
| 856 |
4 |
0 |
|z Acceso restringido
|u http://vlex.com/source/lecciones-derecho-penal-chileno-parte-general-4727
|
| 942 |
|
|
|c BOOK
|
| 999 |
|
0 |
|a Criminal law
|z Chile.
|